|
|
|
|
| LEADER |
01720nam a2200409 a 4500 |
| 001 |
EBC3319875 |
| 003 |
MiAaPQ |
| 005 |
20200520144314.0 |
| 006 |
m o d | |
| 007 |
cr cn||||||||| |
| 008 |
060924s2003 gw a sb 100 0 ger d |
| 010 |
|
|
|z 2006483381
|
| 020 |
|
|
|z 3899585186 (pbk.)
|
| 020 |
|
|
|z 9783899585186
|
| 035 |
|
|
|a (MiAaPQ)EBC3319875
|
| 035 |
|
|
|a (Au-PeEL)EBL3319875
|
| 035 |
|
|
|a (CaPaEBR)ebr10513489
|
| 035 |
|
|
|a (OCoLC)923208190
|
| 040 |
|
|
|a MiAaPQ
|c MiAaPQ
|d MiAaPQ
|
| 041 |
0 |
|
|a ger
|a eng
|
| 050 |
|
4 |
|a TA439
|b .U48 2003
|
| 245 |
0 |
0 |
|a Ultra-hochfester Beton
|h [electronic resource] :
|b Planung und Bau der ersten Brucke mit UHPC in Europa : Tagungsbeitrage zu den 3. Kasseler Baustoff- und Massivbautagen /
|c [Universitat Kassel ; Hrsg. M. Schmidt, E. Fehling].
|
| 260 |
|
|
|a Kassel :
|b Kassel University Press,
|c 2003.
|
| 300 |
|
|
|a iv, 118 p. :
|b ill.
|
| 490 |
1 |
|
|a Schriftenreihe Baustoffe und Massivbau ;
|v Heft 2 =
|a Structual materials and engineering series ;
|v no. 2
|
| 500 |
|
|
|a Internat. conference proceedings.
|
| 504 |
|
|
|a Includes bibliographical references.
|
| 533 |
|
|
|a Electronic reproduction. Ann Arbor, MI : ProQuest, 2015. Available via World Wide Web. Access may be limited to ProQuest affiliated libraries.
|
| 546 |
|
|
|a Contributions partly in German, partly in English.
|
| 650 |
|
0 |
|a High strength concrete
|v Congresses.
|
| 650 |
|
0 |
|a Concrete bridges
|v Congresses.
|
| 655 |
|
4 |
|a Electronic books.
|
| 700 |
1 |
|
|a Schmidt, Michael.
|
| 700 |
1 |
|
|a Fehling, E.
|
| 710 |
2 |
|
|a ProQuest (Firm)
|
| 830 |
|
0 |
|a Schriftenreihe Baustoffe und Massivbau ;
|v Heft 2.
|
| 856 |
4 |
0 |
|u https://ebookcentral.proquest.com/lib/matrademy/detail.action?docID=3319875
|z Click to View
|